000 00241nam a2200097Ia 4500
008 201231s9999 xx 000 0 und d
100 _aRamaswamy, B.S.
245 0 _aContracts & their Management
260 _aNew Delhi
_bLexis Nexis
942 _cBK
999 _c9324
_d9324